UM Logo

Journal of College Science Teaching / (Record no. 18719)

MARC details
000 -LEADER
fixed length control field 00512nam a22001577a 4500
003 - CONTROL NUMBER IDENTIFIER
control field OSt
005 - DATE AND TIME OF LATEST TRANSACTION
control field 20240122100957.0
008 - FIXED-LENGTH DATA ELEMENTS--GENERAL INFORMATION
fixed length control field 240122b ||||| |||| 00| 0 eng d
040 ## - CATALOGING SOURCE
Transcribing agency 0
082 ## - DEWEY DECIMAL CLASSIFICATION NUMBER
Classification number DPer 507 J826 September 2019 - June 2020 v.49 n. 1-5
245 ## - TITLE STATEMENT
Title Journal of College Science Teaching /
260 ## - PUBLICATION, DISTRIBUTION, ETC. (IMPRINT)
Place of publication, distribution, etc. Arlington USA :
Name of publisher, distributor, etc. National Science Teaching Association,
Date of publication, distribution, etc. September 2019 - June 2020.
300 ## - PHYSICAL DESCRIPTION
Extent various paging :
Other physical details illustrations ;
Dimensions 28 cm.
650 ## - SUBJECT ADDED ENTRY--TOPICAL TERM
Topical term or geographic name as entry element Science.
9 (RLIN) 50767
942 ## - ADDED ENTRY ELEMENTS (KOHA)
Source of classification or shelving scheme Dewey Decimal Classification
Koha item type Periodicals
Holdings
Withdrawn status Lost status Source of classification or shelving scheme Damaged status Not for loan Collection code Home library Current library Date acquired Total Checkouts Full call number Date last seen Price effective from Koha item type Public note
    Dewey Decimal Classification     Periodicals UM Digos College - LIC UM Digos College - LIC 01/22/2024   DPer 507 J826 September 2019 - June 2020 v.49 n. 1-5 01/22/2024 01/22/2024 Periodicals Periodical Article